000 00859cam a2200253 4500
001 ABS65628
008 020625n2002 000 0 eng u
035 _a(Sirsi) u118524
245 4 _aThe top 400 contractors
260 _c2002
490 _aEngineering News Record
_v248(19) 20 May 2002, 53-98(24)
520 _aLists the top 400 contractors in the US construction market by revenue, new contracts; general building type; manufacturing and power. Also gives overview of the construction market in 2001 and forecast for the rest of 2002.
590 _aABS
650 _aLEAGUE TABLES
650 _aUNITED STATES
650 _aCONSTRUCTION MARKET
650 _aMANUFACTURING INDUSTRY
650 _aCONTRACTORS
650 _aRANKINGS
650 _aFORECASTS
650 _aECONOMIC FACTORS
690 _aINTERNATIONAL-AMERICAS
942 _n0
999 _c70570
_d70570